000 01208cam a22002174a 4500
005 20250605163942.0
008 250528s ||||||||||||||||||||||||d
035 _a15066
020 _a15602456
040 _aGR-AtMCL
_bgre
_dGR-AtMCL
_eAACR2
245 1 _aEuropean Accounting Guide / Second Edition
250 _a2nd
260 _bHarcourt Brace Professional Publishing,
_c1995
300 _a1570
520 _aThis guide includes extensive historical backgrounds of the legal and economic environments of each country, examinations of the accounting standards and statutory and self-regulatory agencies that govern each financial system, and sample financial statements. An Overview of European Accounting, Belgium, Denmark, France, Germany, Greece, Italy, Luxembourg, The Netherlands, Portugal, Republic of Ireland, Spain, United Kingdom, Other European Countries Excluding Former COMECON Member States: Overview, Austria, Finland, Iceland, Norway, Sweden, Switzerland, Turkey, Eastern Europe: Overview, The Czach Republic, Hungary, Poland, Former Soviet Union, Index.
700 1 _aAlexander David
_9135
700 1 _aArcher Simon
_9903
942 _cBK
999 _c665
_d665